[Event "España ch sub-14 2012"]
[Site "Salobreña ESP"]
[Date "2012.07.09"]
[Round "1.1"]
[White "Santos Ruiz, Miguel"]
[Black "Velasco Rebezon, Daniela"]
[Result "1/2-1/2"]
[WhiteElo "2106"]
[BlackElo "1604"]
[PlyCount "106"]
[EventDate "2012.07.09"]
[EventType "swiss"]
[EventRounds "9"]
[EventCountry "ESP"]
[Source "lmi"]
[SourceDate "2012.07.09"]

1. e4 e6 2. d4 d5 3. Nd2 Nf6 4. Bd3 c5 5. c3 Qb6 6. Ngf3 Nc6 7. O-O cxd4 8.
cxd4 Nxd4 9. Nxd4 Qxd4 10. Nf3 Qb6 11. Be3 Bc5 12. Bxc5 Qxc5 13. e5 Nd7 14. Rc1
Qe7 15. Qc2 Nb6 16. Nd4 a6 17. f4 Qb4 18. Ne2 Bd7 19. a3 Qa4 20. Qc7 Bb5 21.
Bxb5+ Qxb5 22. Nc3 Qc6 23. Nxd5 Qxd5 24. Qxb6 O-O 25. Rc7 Rab8 26. Rfc1 Rfd8
27. Qb4 h6 28. g3 Rd7 29. Rxd7 Qxd7 30. Qd6 Rd8 31. Qxd7 Rxd7 32. Rc2 Kf8 33.
Kf2 Ke7 34. Ke3 g6 35. a4 Ke8 36. Rc8+ Rd8 37. Rxd8+ Kxd8 38. a5 Kc7 39. Kd4 b6
40. b4 Kb7 41. Kc3 Kc7 42. Kb3 Kb7 43. axb6 h5 44. Ka4 Kxb6 45. h3 Ka7 46. Ka5
Kb7 47. b5 axb5 48. Kxb5 Kc7 49. Kc5 Kd7 50. Kb6 Kd8 51. Kc6 Kc8 52. g4 hxg4
53. hxg4 Kd8 1/2-1/2

[Event "España ch sub-14 2012"]
[Site "Salobreña ESP"]
[Date "2012.07.09"]
[Round "1.2"]
[White "Palenciano Escolar, Adrian"]
[Black "Garriga Cazorla, Pere"]
[Result "1-0"]
[WhiteElo "1595"]
[BlackElo "2056"]
[PlyCount "75"]
[EventDate "2012.07.09"]
[EventType "swiss"]
[EventRounds "9"]
[EventCountry "ESP"]
[Source "lmi"]
[SourceDate "2012.07.09"]

1. e4 c5 2. Nf3 d6 3. d4 cxd4 4. Nxd4 Nf6 5. Nc3 a6 6. Bg5 e6 7. f4 Nc6 8. e5
dxe5 9. Nxc6 Qxd1+ 10. Rxd1 bxc6 11. fxe5 Nd5 12. Ne4 Be7 13. c4 Nb6 14. Nd6+
Bxd6 15. Rxd6 Bb7 16. Be2 h6 17. Bh4 Nd7 18. O-O Nxe5 19. Bg3 Nd7 20. Rxf7 Kxf7
21. Rxd7+ Kf6 22. Rxb7 Rhd8 23. Bf3 Rd2 24. Be1 Rc2 25. Bc3+ e5 26. Bxc6 Rd8
27. Bd5 Rf8 28. Bb4 Rc1+ 29. Kf2 Re8 30. Rb6+ Kf5 31. Ke3 e4 32. Bf7 Ra8 33.
Bg6+ Kg4 34. Kxe4 Rxc4+ 35. Ke5 a5 36. Bf5+ Kh5 37. Be7 g5 38. g4+ 1-0

[Event "España ch sub-14 2012"]
[Site "Salobreña ESP"]
[Date "2012.07.09"]
[Round "1.3"]
[White "Bru Rullo, Llatzer"]
[Black "Santamaria Fernandez, Guillermo"]
[Result "0-1"]
[WhiteElo "2051"]
[BlackElo "1595"]
[PlyCount "92"]
[EventDate "2012.07.09"]
[EventType "swiss"]
[EventRounds "9"]
[EventCountry "ESP"]
[Source "lmi"]
[SourceDate "2012.07.09"]

1. e4 e6 2. d4 d5 3. Nd2 dxe4 4. Nxe4 Bd7 5. Nf3 Bc6 6. Bd3 Nd7 7. O-O Ngf6 8.
Qe2 Nxe4 9. Bxe4 Bxe4 10. Qxe4 c6 11. Bf4 Nf6 12. Qe2 Bd6 13. Bd2 O-O 14. c4 c5
15. Bc3 cxd4 16. Bxd4 Nd7 17. Rfd1 Qe7 18. Qd2 Bb4 19. Qc2 Bc5 20. Bc3 Rfd8 21.
Rab1 a6 22. b4 Ba7 23. Qe4 Rab8 24. Qg4 Nf6 25. Qh4 Rxd1+ 26. Rxd1 Rd8 27.
Rxd8+ Qxd8 28. h3 Qd1+ 29. Ne1 Qc1 30. Qg3 Bxf2+ 31. Qxf2 Qxc3 32. b5 Qxc4 33.
bxa6 Qxa6 34. Nf3 Nd5 35. Qc2 Qb6+ 36. Kh1 Qc6 37. Qxc6 bxc6 38. Kg1 Kf8 39.
Kf2 Ke7 40. a3 f6 41. g3 c5 42. Ke2 c4 43. Kd2 Kd6 44. Nd4 g6 45. Nb5+ Kc5 46.
a4 Kb4 0-1

[Event "España ch sub-14 2012"]
[Site "Salobreña ESP"]
[Date "2012.07.09"]
[Round "1.4"]
[White "Rodriguez Alonso, Marcos"]
[Black "Suarez Gomez, Julio"]
[Result "0-1"]
[WhiteElo "1592"]
[BlackElo "2026"]
[PlyCount "64"]
[EventDate "2012.07.09"]
[EventType "swiss"]
[EventRounds "9"]
[EventCountry "ESP"]
[Source "lmi"]
[SourceDate "2012.07.09"]

1. e4 e6 2. d4 d5 3. exd5 exd5 4. Bd3 Nc6 5. c3 Bd6 6. Ne2 Qh4 7. Ng3 Bg4 8.
Be2 Bxe2 9. Qxe2+ Nge7 10. O-O O-O-O 11. Nd2 h5 12. Nf3 Qg4 13. h3 Qg6 14. Ne5
Bxe5 15. dxe5 h4 16. Nh1 Qe4 17. Qxe4 dxe4 18. Re1 Nxe5 19. f3 N7c6 20. fxe4
Nd3 21. Re3 Nce5 22. Nf2 Nxf2 23. Kxf2 Rd1 24. Ke2 Rhd8 25. b3 Rg1 26. c4 Rdd1
27. Rc3 Rde1+ 28. Kd2 Rxe4 29. Re3 Rxg2+ 30. Kc3 Rg3 31. Rxg3 hxg3 32. Bg5 Nf3
0-1

[Event "España ch sub-14 2012"]
[Site "Salobreña ESP"]
[Date "2012.07.09"]
[Round "1.5"]
[White "Ponce Cano, Adrian"]
[Black "Moraga Cidoncha, Pablo Jose"]
[Result "1-0"]
[WhiteElo "1995"]
[BlackElo "1579"]
[PlyCount "77"]
[EventDate "2012.07.09"]
[EventType "swiss"]
[EventRounds "9"]
[EventCountry "ESP"]
[Source "lmi"]
[SourceDate "2012.07.09"]

1. e4 c5 2. Nf3 Nc6 3. d3 g6 4. Nbd2 Bg7 5. g3 Nf6 6. Bg2 O-O 7. O-O d6 8. Re1
Nd7 9. c3 Nde5 10. Qc2 Bg4 11. h3 Bd7 12. Kh2 h6 13. Nf1 Qc8 14. Nxe5 Nxe5 15.
Ne3 Bxh3 16. Nd5 Qd7 17. Nxe7+ Qxe7 18. Kxh3 Qe6+ 19. Kh2 Qf6 20. Qe2 Rae8 21.
Be3 Nc6 22. Rad1 Qe6 23. a3 f5 24. exf5 Qxf5 25. Be4 Qf6 26. Kg2 Re5 27. Bf4
Re7 28. Bd5+ Kh7 29. Qd2 Rxe1 30. Rxe1 g5 31. Re6 Qd8 32. Bxd6 Rf6 33. Be4+ Kh8
34. Rxf6 Qxf6 35. Bxc5 b6 36. Be3 Qe6 37. Qe2 Na5 38. Qf3 Kg8 39. g4 1-0

[Event "España ch sub-14 2012"]
[Site "Salobreña ESP"]
[Date "2012.07.09"]
[Round "1.6"]
[White "Serrano Leiva, Ana"]
[Black "Portela Peleteiro, Alberto"]
[Result "0-1"]
[WhiteElo "1579"]
[BlackElo "1927"]
[PlyCount "68"]
[EventDate "2012.07.09"]
[EventType "swiss"]
[EventRounds "9"]
[EventCountry "ESP"]
[Source "lmi"]
[SourceDate "2012.07.09"]

1. e4 c5 2. Nf3 e6 3. d4 cxd4 4. Nxd4 Nf6 5. Nc3 Nc6 6. Ndb5 Bb4 7. a3 Bxc3+ 8.
Nxc3 d5 9. exd5 exd5 10. Bd3 O-O 11. O-O d4 12. Ne2 Qb6 13. Bg5 Nd5 14. Ng3 Ne5
15. Be4 Bg4 16. Qc1 Be6 17. Nf5 Bxf5 18. Bxf5 f6 19. Bd2 Ne7 20. Bh3 Rfd8 21.
Qe1 N7c6 22. f4 Nf7 23. Be6 Re8 24. f5 Nce5 25. Qf2 Kh8 26. Rad1 Nd8 27. Bb3
Rc8 28. Bb4 Ndc6 29. Be6 Rcd8 30. Qg3 Nxb4 31. axb4 d3+ 32. Qf2 dxc2 33. Rc1
Qxf2+ 34. Kxf2 Nd3+ 0-1

[Event "España ch sub-14 2012"]
[Site "Salobreña ESP"]
[Date "2012.07.09"]
[Round "1.7"]
[White "Bas Mas, Miguel"]
[Black "Perez Gonzalez, Daniel"]
[Result "1-0"]
[WhiteElo "1927"]
[BlackElo "1579"]
[PlyCount "111"]
[EventDate "2012.07.09"]
[EventType "swiss"]
[EventRounds "9"]
[EventCountry "ESP"]
[Source "lmi"]
[SourceDate "2012.07.09"]

1. e4 c5 2. Nf3 d6 3. d4 cxd4 4. Nxd4 Nf6 5. Nc3 a6 6. Be2 e5 7. Nb3 Be7 8. Bg5
Be6 9. Bxf6 Bxf6 10. O-O O-O 11. Nd5 Nd7 12. Qd3 Rc8 13. c3 Bxd5 14. Qxd5 Qc7
15. Rfd1 Be7 16. Nd2 Nf6 17. Qd3 Rfd8 18. c4 Qb6 19. b3 Qc6 20. a4 a5 21. Bf3
Nd7 22. Qc3 b6 23. Bg4 Rc7 24. Bxd7 Rcxd7 25. Qf3 Rf8 26. Qd3 Qc5 27. Rac1 Bh4
28. g3 Bg5 29. Rc2 Be7 30. Nf1 Qc8 31. Ne3 g6 32. Nd5 Bd8 33. Ne3 Qc5 34. Qd5
Qxd5 35. Rxd5 f5 36. exf5 gxf5 37. Rcd2 Bc7 38. Rxe5 dxe5 39. Rxd7 Bd8 40. Nd5
f4 41. Rd6 fxg3 42. hxg3 e4 43. Nxb6 Bxb6 44. Rxb6 Rf3 45. Kg2 Rc3 46. Rb5 e3
47. fxe3 Rxe3 48. c5 Kf7 49. c6 Rc3 50. Rxa5 Rxc6 51. Ra7+ Kg6 52. b4 h5 53. b5
Rc2+ 54. Kh3 Kg5 55. b6 Rb2 56. Ra5+ 1-0

[Event "España ch sub-14 2012"]
[Site "Salobreña ESP"]
[Date "2012.07.09"]
[Round "1.8"]
[White "Romano Garcia, Ivan"]
[Black "Ventura Bolet, Alexandre"]
[Result "0-1"]
[WhiteElo "1579"]
[BlackElo "1925"]
[PlyCount "56"]
[EventDate "2012.07.09"]
[EventType "swiss"]
[EventRounds "9"]
[EventCountry "ESP"]
[Source "lmi"]
[SourceDate "2012.07.09"]

1. e4 Nf6 2. e5 Nd5 3. c4 Nb6 4. d4 d6 5. exd6 exd6 6. Nc3 Be7 7. Bd3 O-O 8.
Nge2 Bg4 9. f3 Bh5 10. O-O Bg6 11. Bxg6 hxg6 12. b3 Bf6 13. Be3 Nc6 14. d5 Ne5
15. Bf2 Nbd7 16. Nd4 Nc5 17. Nce2 Ned3 18. Bg3 Qe7 19. Rb1 Bxd4+ 20. Kh1 Be5
21. b4 Bxg3 22. Nxg3 Qe3 23. bxc5 Nf2+ 24. Rxf2 Qxf2 25. cxd6 cxd6 26. Ne4 Qxa2
27. Nxd6 b6 28. Qd4 Qxb1+ 0-1

[Event "España ch sub-14 2012"]
[Site "Salobreña ESP"]
[Date "2012.07.09"]
[Round "1.9"]
[White "Medina Masdeu, Rasen"]
[Black "Tevar Becerra, Alvaro"]
[Result "1-0"]
[WhiteElo "1923"]
[BlackElo "1578"]
[PlyCount "45"]
[EventDate "2012.07.09"]
[EventType "swiss"]
[EventRounds "9"]
[EventCountry "ESP"]
[Source "lmi"]
[SourceDate "2012.07.09"]

1. e4 e5 2. Nf3 Nc6 3. d4 exd4 4. Bc4 Nf6 5. e5 d5 6. Bb5 Nd7 7. O-O Be7 8. Re1
Nb6 9. Nxd4 Bd7 10. e6 fxe6 11. Nxe6 Bxe6 12. Rxe6 O-O 13. Bxc6 bxc6 14. Rxc6
Nc4 15. Nc3 Nb6 16. Qg4 Rxf2 17. Kxf2 Bc5+ 18. Kf1 Qe8 19. Qe6+ Qxe6 20. Rxe6
Rf8+ 21. Ke1 Bf2+ 22. Ke2 Bc5 23. Nd1 1-0

[Event "España ch sub-14 2012"]
[Site "Salobreña ESP"]
[Date "2012.07.09"]
[Round "1.10"]
[White "Gomez Gonzalez, Raquel"]
[Black "Perez Garcia, Alejandro"]
[Result "0-1"]
[WhiteElo "1568"]
[BlackElo "1902"]
[PlyCount "56"]
[EventDate "2012.07.09"]
[EventType "swiss"]
[EventRounds "9"]
[EventCountry "ESP"]
[Source "lmi"]
[SourceDate "2012.07.09"]

1. d4 Nf6 2. c4 e5 3. dxe5 Ng4 4. Nf3 Bc5 5. e3 Nc6 6. Be2 O-O 7. O-O Ngxe5 8.
Nxe5 Nxe5 9. Nd2 Re8 10. Nf3 a5 11. b3 Nxf3+ 12. Bxf3 Ra6 13. g3 Rd6 14. Qc2
Qf6 15. Be4 Qxa1 16. Bb2 Qxb2 17. Bxh7+ Kh8 18. Qxb2 Kxh7 19. Qc2+ g6 20. Qe2
b6 21. h4 Bb7 22. h5 Re5 23. hxg6+ Rxg6 24. Rd1 Rh6 25. f3 Rxe3 26. Qc2+ Be4
27. Qc1 Rxf3+ 28. Kg2 Rff6# 0-1

[Event "España ch sub-14 2012"]
[Site "Salobreña ESP"]
[Date "2012.07.09"]
[Round "1.11"]
[White "Balbuena Fuentes, Mario"]
[Black "Zuniga Arraras, Marina"]
[Result "1-0"]
[WhiteElo "1899"]
[BlackElo "1566"]
[PlyCount "57"]
[EventDate "2012.07.09"]
[EventType "swiss"]
[EventRounds "9"]
[EventCountry "ESP"]
[Source "lmi"]
[SourceDate "2012.07.09"]

1. e4 c5 2. Nf3 Nc6 3. d4 cxd4 4. Nxd4 g6 5. Nc3 Bg7 6. Be3 Nf6 7. Bc4 Qa5 8.
O-O O-O 9. Nb3 Qc7 10. Bg5 d6 11. Bxf6 Bxf6 12. Nd5 Qd8 13. Nxf6+ exf6 14. Re1
Qe7 15. Qd2 Rd8 16. Rad1 a6 17. Re3 Qc7 18. Bd5 Ne5 19. Rc3 Qe7 20. f4 Nd7 21.
Rc7 Qe8 22. Na5 Rb8 23. Nc4 Qf8 24. Nxd6 Kg7 25. Nxf7 Re8 26. f5 Re7 27. Qh6+
Kg8 28. Ne5+ Kh8 29. Nxg6# 1-0

[Event "España ch sub-14 2012"]
[Site "Salobreña ESP"]
[Date "2012.07.09"]
[Round "1.12"]
[White "Alonso Vara, Laura"]
[Black "Fernandez Gil, Ruben Carlos"]
[Result "0-1"]
[WhiteElo "1564"]
[BlackElo "1899"]
[PlyCount "118"]
[EventDate "2012.07.09"]
[EventType "swiss"]
[EventRounds "9"]
[EventCountry "ESP"]
[Source "lmi"]
[SourceDate "2012.07.09"]

1. e4 c5 2. Nf3 Nc6 3. d4 cxd4 4. Nxd4 g6 5. Nc3 Bg7 6. Be3 Nf6 7. Bc4 O-O 8.
Bb3 d6 9. h3 Nxd4 10. Bxd4 b5 11. Qd3 Bb7 12. Qxb5 Qc8 13. Bxf6 Bxf6 14. Qd3
Qc5 15. O-O a5 16. Rfd1 Bxc3 17. bxc3 a4 18. Bd5 Bxd5 19. exd5 Rfc8 20. Re1
Qxc3 21. Qxc3 Rxc3 22. Re2 Rb8 23. a3 Kf8 24. Ra2 Rc4 25. Rd2 Rb5 26. Kf1 Ra5
27. Ra1 Rcc5 28. Rad1 Ke8 29. Ke2 Rab5 30. Rc1 Rxd5 31. Rxd5 Rxd5 32. Rb1 Kd7
33. Rb7+ Ke6 34. Ra7 Rd4 35. Ke3 Rc4 36. Kd3 d5 37. Ra6+ Ke5 38. Ra7 Kf6 39.
Ra6+ e6 40. Ra7 h5 41. g3 e5 42. f3 Ke6 43. Ra6+ Kf5 44. g4+ hxg4 45. hxg4+ Kg5
46. Ra7 f5 47. gxf5 gxf5 48. Rd7 Rc5 49. Ra7 Kf4 50. Rxa4+ Kxf3 51. Kd2 e4 52.
Rd4 Kf2 53. a4 f4 54. Kc1 f3 55. Rd2+ Ke3 56. Rh2 f2 57. Rh3+ Ke2 58. Rh2 Kf3
59. Kd2 e3+ 0-1

[Event "España ch sub-14 2012"]
[Site "Salobreña ESP"]
[Date "2012.07.09"]
[Round "1.13"]
[White "Salagran Ferragut, Guillem"]
[Black "Miquel Juan, Marcelo"]
[Result "1-0"]
[WhiteElo "1899"]
[BlackElo "1559"]
[PlyCount "51"]
[EventDate "2012.07.09"]
[EventType "swiss"]
[EventRounds "9"]
[EventCountry "ESP"]
[Source "lmi"]
[SourceDate "2012.07.09"]

1. e4 c5 2. Nf3 Nc6 3. d4 cxd4 4. Nxd4 Nf6 5. Nc3 e5 6. Ndb5 d6 7. Bg5 a6 8.
Na3 b5 9. Bxf6 gxf6 10. Nd5 f5 11. Bxb5 axb5 12. Nxb5 Rb8 13. Nbc7+ Kd7 14. Qh5
Ne7 15. Qxf7 Rb7 16. Ne6 Qa5+ 17. b4 Rxb4 18. Nxf8+ Rxf8 19. Qxe7+ Kc6 20. O-O
Rxe4 21. Qxf8 Ba6 22. Qa8+ Kc5 23. Rfd1 Kb5 24. Rab1+ Kc4 25. Qc6+ Qc5 26. Rb4#
1-0

[Event "España ch sub-14 2012"]
[Site "Salobreña ESP"]
[Date "2012.07.09"]
[Round "1.14"]
[White "Tomas Romero, Francisco"]
[Black "Ortega Lopez, Mikel"]
[Result "0-1"]
[WhiteElo "1556"]
[BlackElo "1897"]
[PlyCount "50"]
[EventDate "2012.07.09"]
[EventType "swiss"]
[EventRounds "9"]
[EventCountry "ESP"]
[Source "lmi"]
[SourceDate "2012.07.09"]

1. e4 c5 2. Nf3 e6 3. d4 cxd4 4. Nxd4 a6 5. Nc3 b5 6. a3 Bb7 7. Bd3 Qc7 8. O-O
Nf6 9. h3 Be7 10. Be3 O-O 11. Qd2 d6 12. f4 Nbd7 13. Nf3 Rac8 14. Rae1 Nb6 15.
Bf2 Nc4 16. Bxc4 Qxc4 17. Qd3 Qc7 18. Kh1 Rfe8 19. Bd4 Red8 20. Qe3 Nd7 21. Nd5
exd5 22. exd5 Bf6 23. Ng5 Bxd4 24. Qxd4 Nf6 25. f5 Re8 0-1

[Event "España ch sub-14 2012"]
[Site "Salobreña ESP"]
[Date "2012.07.09"]
[Round "1.15"]
[White "Aguila Hernandez, Eduardo"]
[Black "Guerrero Mendez, Luis"]
[Result "1-0"]
[WhiteElo "1893"]
[BlackElo "1553"]
[PlyCount "57"]
[EventDate "2012.07.09"]
[EventType "swiss"]
[EventRounds "9"]
[EventCountry "ESP"]
[Source "lmi"]
[SourceDate "2012.07.09"]

1. e4 e5 2. Nf3 d6 3. d4 Nf6 4. Nc3 Nbd7 5. Bc4 Be7 6. O-O O-O 7. dxe5 dxe5 8.
Qe2 c6 9. a4 Re8 10. Bg5 h6 11. Bh4 Qc7 12. Rad1 a5 13. Bg3 Bb4 14. Nd2 Bxc3
15. bxc3 Nc5 16. Bb3 Bg4 17. f3 Bh5 18. Qf2 Qe7 19. Nc4 Ncxe4 20. fxe4 Bxd1 21.
Rxd1 Nxe4 22. Qe3 Nxg3 23. Qxg3 Kf8 24. Rf1 f6 25. Qg6 e4 26. Kh1 Qc5 27. Rxf6+
Ke7 28. Qxg7+ Kd8 29. Rd6+ 1-0

[Event "España ch sub-14 2012"]
[Site "Salobreña ESP"]
[Date "2012.07.09"]
[Round "1.16"]
[White "Cuerda Del Valle, Carlos"]
[Black "Domingo Nunez, Ruben"]
[Result "1/2-1/2"]
[WhiteElo "1542"]
[BlackElo "1887"]
[PlyCount "88"]
[EventDate "2012.07.09"]
[EventType "swiss"]
[EventRounds "9"]
[EventCountry "ESP"]
[Source "lmi"]
[SourceDate "2012.07.09"]

1. e4 c5 2. Nf3 d6 3. d4 cxd4 4. Nxd4 Nf6 5. Nc3 g6 6. Be3 Bg7 7. f3 O-O 8. Qd2
Nc6 9. Bc4 Nd7 10. O-O-O Nb6 11. Bb3 Na5 12. Bh6 Nbc4 13. Qg5 Bf6 14. Qg3 Re8
15. h4 Bd7 16. h5 b5 17. hxg6 hxg6 18. Qh2 Nxb3+ 19. axb3 Nb6 20. Rd2 Qc8 21.
Bg5 Kf8 22. Bxf6 exf6 23. Qxd6+ Kg7 24. g4 Rh8 25. Rxh8 Qxh8 26. Rh2 Qe8 27.
Qf4 g5 28. Nf5+ Bxf5 29. Qxf5 Qe5 30. Rh7+ Kg8 31. Rh6 Qxf5 32. gxf5 Kg7 33.
Rh2 b4 34. Nd5 Nxd5 35. exd5 Rd8 36. Rd2 Kf8 37. c3 Ke7 38. c4 Kd6 39. Kc2 Re8
40. Kd3 Rh8 41. Re2 Rh4 42. Re4 Rh1 43. Kd2 Rb1 44. Kc2 Rf1 1/2-1/2

[Event "España ch sub-14 2012"]
[Site "Salobreña ESP"]
[Date "2012.07.09"]
[Round "1.17"]
[White "Alba Fernandez, Nicolas"]
[Black "Rodrigo Bordetas, David"]
[Result "1-0"]
[WhiteElo "1883"]
[BlackElo "1533"]
[PlyCount "55"]
[EventDate "2012.07.09"]
[EventType "swiss"]
[EventRounds "9"]
[EventCountry "ESP"]
[Source "lmi"]
[SourceDate "2012.07.09"]

1. d4 d5 2. Nc3 Nf6 3. Bg5 Bf5 4. f3 Nbd7 5. g4 Bg6 6. Nh3 h6 7. Bh4 e6 8. Nf4
Bh7 9. Bg3 a6 10. e3 c5 11. h4 Nb6 12. Rh2 Bd6 13. g5 hxg5 14. hxg5 Nfd7 15.
Nce2 Nc4 16. g6 fxg6 17. Nxe6 Bxg3+ 18. Nxg3 Qa5+ 19. c3 Kf7 20. Ng5+ Kg8 21.
Bh3 Nf8 22. Qd3 Qc7 23. f4 Re8 24. Re2 Nxb2 25. Rxb2 Qxf4 26. N3e4 Qh4+ 27. Rf2
dxe4 28. Qd1 1-0

[Event "España ch sub-14 2012"]
[Site "Salobreña ESP"]
[Date "2012.07.09"]
[Round "1.18"]
[White "Villasenor Rubio, Rosana"]
[Black "Ribera Cebolla, Marc"]
[Result "0-1"]
[WhiteElo "1531"]
[BlackElo "1883"]
[PlyCount "120"]
[EventDate "2012.07.09"]
[EventType "swiss"]
[EventRounds "9"]
[EventCountry "ESP"]
[Source "lmi"]
[SourceDate "2012.07.09"]

1. d4 Nf6 2. c4 c5 3. e3 g6 4. Nc3 Bg7 5. Nf3 O-O 6. Be2 cxd4 7. exd4 d5 8. O-O
Nc6 9. Re1 dxc4 10. Bxc4 e6 11. Bg5 Qa5 12. Bb3 Rd8 13. Be3 b5 14. a4 b4 15.
Nb5 a6 16. Rc1 Bb7 17. d5 axb5 18. axb5 Ne7 19. d6 Ned5 20. Bd4 Rxd6 21. Rc5
Qd8 22. Qd2 Ne7 23. Qxb4 Bxf3 24. Bxf6 Bxf6 25. gxf3 Rd2 26. b6 Bd4 27. Qxd2
Bxc5 28. b7 Rb8 29. Qxd8+ Rxd8 30. Rc1 Bb6 31. Bc4 Rb8 32. Ba6 Ba7 33. Rc8+ Kg7
34. b4 Nd5 35. b5 Kf6 36. Rc4 Ke7 37. Kg2 Kd7 38. Kg3 Rd8 39. Rc8 Bb8+ 40. Kg2
Nc7 41. Rxd8+ Kxd8 42. Kh3 Nd5 43. Kg2 Kc7 44. h4 h5 45. Kf1 Kb6 46. Ke2 Nc3+
47. Ke3 Nxb5 48. Bxb5 Kxb5 49. Kd4 Kb6 50. Kc4 Kxb7 51. Kd3 Kc6 52. Ke3 Kd5 53.
f4 f5 54. f3 Ba7+ 55. Kd3 Bf2 56. Ke2 Bxh4 57. Ke3 Bf6 58. Ke2 h4 59. Kf2 Kd4
60. Kg2 Ke3 0-1

[Event "España ch sub-14 2012"]
[Site "Salobreña ESP"]
[Date "2012.07.09"]
[Round "1.19"]
[White "Domingo Nunez, Alejandro"]
[Black "Lagos Lejarraga, Jon"]
[Result "1-0"]
[WhiteElo "1883"]
[BlackElo "1530"]
[PlyCount "55"]
[EventDate "2012.07.09"]
[EventType "swiss"]
[EventRounds "9"]
[EventCountry "ESP"]
[Source "lmi"]
[SourceDate "2012.07.09"]

1. e4 c5 2. Nc3 e6 3. g3 g6 4. Bg2 Bg7 5. d3 Ne7 6. f4 Nbc6 7. Nf3 O-O 8. O-O
d5 9. e5 a6 10. g4 b5 11. Ne2 d4 12. Ng3 Nd5 13. Ne4 Qe7 14. g5 Kh8 15. Qe1 Qa7
16. Qh4 Nce7 17. Bh3 Ng8 18. Nf6 h5 19. Nxh5 gxh5 20. Qxh5+ Bh6 21. gxh6 f5 22.
Ng5 Bd7 23. Qg6 Be8 24. Qg7+ Qxg7 25. hxg7+ Kxg7 26. Nxe6+ Kf7 27. Nxf8 Kxf8
28. Bxf5 1-0

[Event "España ch sub-14 2012"]
[Site "Salobreña ESP"]
[Date "2012.07.09"]
[Round "1.20"]
[White "Gallardo Obregon, Alexandra"]
[Black "Alvarez Nistal, David"]
[Result "0-1"]
[WhiteElo "1527"]
[BlackElo "1861"]
[PlyCount "56"]
[EventDate "2012.07.09"]
[EventType "swiss"]
[EventRounds "9"]
[EventCountry "ESP"]
[Source "lmi"]
[SourceDate "2012.07.09"]

1. e4 c5 2. Nc3 Nc6 3. f4 g6 4. Nf3 Bg7 5. Bc4 e6 6. O-O Nge7 7. d3 d5 8. Bb3
O-O 9. Qe1 Na5 10. Ne2 c4 11. Ba4 dxe4 12. dxe4 b5 13. Bd2 Nac6 14. Nc3 bxa4
15. Nxa4 Nd4 16. Nxd4 Qxd4+ 17. Kh1 Qd7 18. Nc3 Bb7 19. Rd1 Qc6 20. Qe2 f5 21.
e5 Rad8 22. Be3 a6 23. Rd4 Rxd4 24. Bxd4 Rd8 25. Rd1 Nd5 26. Nxd5 Qxd5 27. Rd2
Qe4 28. Qxc4 Qe1+ 0-1

[Event "España ch sub-14 2012"]
[Site "Salobreña ESP"]
[Date "2012.07.09"]
[Round "1.21"]
[White "Fernandez Cano, Victor"]
[Black "Represa Perez, Mireya"]
[Result "1-0"]
[WhiteElo "1839"]
[BlackElo "1525"]
[PlyCount "105"]
[EventDate "2012.07.09"]
[EventType "swiss"]
[EventRounds "9"]
[EventCountry "ESP"]
[Source "lmi"]
[SourceDate "2012.07.09"]

1. Nf3 Nf6 2. d4 d5 3. Bf4 e6 4. e3 c5 5. c3 Nc6 6. Bd3 Be7 7. O-O O-O 8. Nbd2
b6 9. h3 Bb7 10. g4 Bd6 11. Ne5 Bxe5 12. Bxe5 Nxe5 13. dxe5 Ne4 14. f3 Qg5 15.
f4 Qh4 16. Rf3 c4 17. Bb1 Nxd2 18. Qxd2 d4 19. e4 d3 20. Re3 Qe7 21. b3 b5 22.
a4 a6 23. bxc4 bxc4 24. Ba2 Qc5 25. Rb1 Bc6 26. Rb4 Rfd8 27. Rxc4 Qb6 28. Rb4
Qa5 29. Bb3 Qc5 30. Kg2 a5 31. Rc4 Qa3 32. Bd1 Rdb8 33. Kf3 Rb2 34. Qxd3 Qa2
35. Re2 Rxe2 36. Qxe2 Qxe2+ 37. Bxe2 Be8 38. Ke3 Kf8 39. Bd1 Ke7 40. Rc5 Kd7
41. Be2 Ke7 42. Bb5 Bxb5 43. Rxb5 Kd8 44. Rb7 Rc8 45. Kd4 Rc7 46. Rxc7 Kxc7 47.
Kc5 f6 48. exf6 gxf6 49. f5 e5 50. h4 h6 51. c4 Kd7 52. Kb6 Kc8 53. Kc6 1-0

[Event "España ch sub-14 2012"]
[Site "Salobreña ESP"]
[Date "2012.07.09"]
[Round "1.22"]
[White "Garcia Sobrino, David"]
[Black "Laiz Ibanez, Hector"]
[Result "0-1"]
[WhiteElo "1525"]
[BlackElo "1838"]
[PlyCount "62"]
[EventDate "2012.07.09"]
[EventType "swiss"]
[EventRounds "9"]
[EventCountry "ESP"]
[Source "lmi"]
[SourceDate "2012.07.09"]

1. e4 e6 2. d3 c5 3. Nf3 Nc6 4. g3 g6 5. Nc3 Bg7 6. Bg2 Nge7 7. O-O d6 8. Be3
Nd4 9. Bxd4 cxd4 10. Ne2 Qb6 11. b3 Bd7 12. Nd2 Rc8 13. f4 O-O 14. Nc4 Qc7 15.
e5 dxe5 16. fxe5 Bxe5 17. Bxb7 Qxb7 18. Nxe5 Nf5 19. Rf2 Ne3 20. Qc1 Rxc2 21.
Qa3 Qd5 22. Qxa7 Qxe5 23. Qxd7 Ng4 24. Qxd4 Qxd4 25. Nxd4 Rxf2 26. h3 Rd2 27.
hxg4 Rxd3 28. Ne2 Ra8 29. b4 Rd2 30. Nc1 Ra3 31. b5 Rb2 0-1

[Event "España ch sub-14 2012"]
[Site "Salobreña ESP"]
[Date "2012.07.09"]
[Round "1.23"]
[White "Perez Tores, Juan Miguel"]
[Black "Pozo Vinuesa, Pedro"]
[Result "1-0"]
[WhiteElo "1834"]
[BlackElo "1525"]
[PlyCount "39"]
[EventDate "2012.07.09"]
[EventType "swiss"]
[EventRounds "9"]
[EventCountry "ESP"]
[Source "lmi"]
[SourceDate "2012.07.09"]

1. e4 c6 2. Nc3 d5 3. Qf3 Nf6 4. e5 Ng4 5. d4 Qb6 6. Nge2 Nh6 7. Bxh6 gxh6 8.
O-O-O Bd7 9. Nf4 e6 10. Nh5 Be7 11. Qg4 a5 12. Qg7 Rf8 13. Qxh6 a4 14. a3 c5
15. dxc5 Bxc5 16. Nf6+ Ke7 17. Ncxd5+ exd5 18. Nxd5+ Ke8 19. Nxb6 Bxb6 20. Qxb6
1-0

[Event "España ch sub-14 2012"]
[Site "Salobreña ESP"]
[Date "2012.07.09"]
[Round "1.24"]
[White "Garcia De Viguera Vigo, Pablo"]
[Black "Guerra Arrocha, Daniel"]
[Result "0-1"]
[WhiteElo "1516"]
[BlackElo "1825"]
[PlyCount "70"]
[EventDate "2012.07.09"]
[EventType "swiss"]
[EventRounds "9"]
[EventCountry "ESP"]
[Source "lmi"]
[SourceDate "2012.07.09"]

1. c4 Nf6 2. Nc3 d6 3. e3 g6 4. Nf3 Bg7 5. d4 O-O 6. Be2 c5 7. O-O Nc6 8. b3
Nd7 9. Bb2 a6 10. Qd2 Rb8 11. Rab1 Qa5 12. Rfd1 b5 13. cxb5 axb5 14. Nxb5 Rxb5
15. Bxb5 Qxb5 16. dxc5 Nxc5 17. Bxg7 Kxg7 18. Rbc1 Bg4 19. Nd4 Qb7 20. f3 Bd7
21. Nxc6 Bxc6 22. b4 Ba4 23. bxc5 Bxd1 24. Rxd1 Rc8 25. Qc3+ Kg8 26. Qa3 Rxc5
27. Rc1 Rb5 28. h3 Rb2 29. Qa5 Rxg2+ 30. Kxg2 Qb2+ 31. Kg3 Qxc1 32. Qd8+ Kg7
33. Qxe7 Qe1+ 34. Kf4 Qh1 35. Qxd6 Qh2+ 0-1